Los triunfos de Francisco Petrarca (Registro nro. 18322)
[ vista simple ]
| 000 -CABECERA | |
|---|---|
| Campo de control de longitud fija | 01046nam a22002777a 4500 |
| 001 - NÚMERO DE CONTROL | |
| Campo de control | ES-SIBCS |
| 003 - IDENTIFICADOR DEL NÚMERO DE CONTROL | |
| Campo de control | ES-SlBCS |
| 005 - FECHA Y HORA DE LA ÚLTIMA TRANSACCIÓN | |
| Campo de control | 20260424083246.0 |
| 008 - CÓDIGOS DE INFORMACIÓN DE LONGITUD FIJA | |
| Campo de control de longitud fija | 042426s1554 sp |||||| 000|0 spa|d |
| 040 ## - FUENTE DE LA CATALOGACIÓN | |
| Centro catalogador del origen | ES-SIBCS |
| Lengua de catalogación | spa |
| 041 ## - CÓDIGO DE LENGUA | |
| Código de lengua del texto/banda sonora o título independiente | spa |
| Código de lengua original | ita |
| 100 1# - PUNTO DE ACCESO PRINCIPAL-NOMBRE DE PERSONA | |
| Nombre de persona | Petrarca, Francesco |
| Fechas asociadas al nombre | (1304-1374) |
| 9 (RLIN) | 20761 |
| 245 14 - MENCIÓN DE TÍTULO | |
| Título | Los triunfos de Francisco Petrarca |
| Mención de responsabilidad, etc. | ahora nuevamente traducidos en lengua castellana, en la medida y número de versos que tienen en el Toscano y con nueva glosa por Hernando de Hozes. |
| 260 ## - PUBLICACIÓN, DISTRIBUCIÓN, ETC... (PIE DE IMPRENTA) | |
| Lugar de publicación, distribución, etc. | En Medina del Campo : |
| Nombre del editor, distribuidor, etc. | Por Guillermo de Millis, |
| Fecha de publicación, distribución, etc. | 1554 |
| 300 ## - DESCRIPCIÓN FÍSICA | |
| Extensión | [9], 189, [2] p. ; |
| Dimensiones | 20 cm; |
| 500 ## - NOTA GENERAL | |
| Nota general | Mútilo de portada y pp. hasta fol. 1. Indice incompleto |
| 561 ## - NOTA DE PROCEDENCIA | |
| Procedencia | Dominicos La Coruña |
| 650 04 - PUNTO DE ACCESO ADICIONAL DE MATERIA-TÉRMINO DE MATERIA | |
| Término de materia o nombre geográfico como elemento inicial | Poesía italiana- |
| Subdivisión cronológica | siglo XV |
| 9 (RLIN) | 26444 |
| 700 1# - PUNTO DE ACCESO ADICIONAL-NOMBRE DE PERSONA | |
| Nombre de persona | Millis, Guillermo de, |
| Término indicativo de función | imp |
| 9 (RLIN) | 26445 |
| 700 1# - PUNTO DE ACCESO ADICIONAL-NOMBRE DE PERSONA | |
| Nombre de persona | Hoces, Hernando de, |
| Término indicativo de función | tr |
| 9 (RLIN) | 26446 |
| 752 ## - PUNTO DE ACCESO ADICIONAL-NOMBRE JERÁRQUICO DE LUGAR | |
| País o entidad superior | España:. - |
| Ciudad | Medina del Campo |
| 942 ## - ENTRADA DE ELEMENTOS AGREGADOS (KOHA) | |
| Fuente de clasificaión o esquema | |
| Koha [por defecto] tipo de item | Libro Antiguo |
| Suprimido | Perdido | Fuente de clasificación o esquema | Estropeado | No para préstamo | Localización permanente | Localización actual | Fecha adquisición | Préstamos totales | Signatura completa | Número de Registro / Código de Barras | Fecha última consulta | Fecha del precio de reemplazo | Tipo de item de Koha |
|---|---|---|---|---|---|---|---|---|---|---|---|---|---|
| Biblioteca Histórica | Biblioteca Histórica | 24/04/2026 | S.XVI- | BH33315 | 24/04/2026 | 24/04/2026 | Libro Antiguo |
